000 00457nam a2200193Ia 4500
005 20240823035020.0
008 240823s9999||||xx |||||||||||||| ||und||
020 _a978-1-84408-663-4
041 _aENGLISH
082 _A958.1047092 Q2
100 _aSuraya Sadeed
245 0 _aForbidden Lessons in a Kabul Guesthouse
250 _a1st
260 _c2012
_bHhachette
500 _aYES
650 _aNovel
_bEnglish
942 _cBK
999 _c199677
_d199677